[Event "Isle of Man Open"]
[Site "Douglas"]
[Date "21.10.2018"]
[Round "2.82"]
[White "Strunski, Andreas"]
[Black "Sipos, Silvester"]
[Result "1-0"]
[WhiteTitle "IM"]
[WhiteElo "2306"]
[BlackElo "2050"]
[WhiteFideId "24606073"]
[BlackFideId "444260"]
[EventDate "2018.10.20"]

1. d4 Nf6 2. c4 c5 3. d5 e6 4. Nc3 exd5 5. cxd5 d6 6. Nf3 g6 7. h3 Bg7 8. Bf4
O-O 9. e3 a6 10. a4 Re8 11. Be2 Qc7 12. O-O b6 13. Rc1 Bb7 14. b4 Nbd7 15. b5 a5
16. Qd3 Rad8 17. e4 Qb8 18. Qc2 Nh5 19. Bg5 f6 20. Be3 Bf8 21. Nd2 Ng7 22. Rce1
Re7 23. Nc4 Bc8 24. Bf4 Ne8 25. Bg3 Ne5 26. Nxe5 dxe5 27. f4 exf4 28. Bxf4 Re5
29. Qb3 Kg7 30. Nb1 Bd6 31. Bxe5 Bxe5 32. Nd2 Nd6 33. Bd1 Qc7 34. Nf3 Re8 35.
Bc2 Re7 36. Kh1 Bd7 37. Re2 Be8 38. Nxe5 Rxe5 39. Ref2 1-0

[Event "Isle of Man Open"]
[Site "Douglas"]
[Date "22.10.2018"]
[Round "3.7"]
[White "Tregubov, Pavel V."]
[Black "Melkumyan, Hrant"]
[Result "1-0"]
[WhiteTitle "GM"]
[BlackTitle "GM"]
[WhiteElo "2588"]
[BlackElo "2660"]
[WhiteFideId "4115341"]
[BlackFideId "13302485"]
[EventDate "2018.10.20"]

1. d4 Nf6 2. c4 e6 3. Nc3 Bb4 4. e3 O-O 5. Ne2 Re8 6. a3 Bf8 7. d5 a5 8. Ng3 Na6
9. Be2 Nc5 10. b3 d6 11. Rb1 c6 12. b4 axb4 13. axb4 Na6 14. e4 exd5 15. cxd5
cxd5 16. exd5 Ng4 17. Nce4 Nf6 18. Nxf6+ Qxf6 19. O-O Bd7 20. Bd3 Qh4 21. Bd2
Nc7 22. Qf3 Qg4 23. Qxg4 Bxg4 24. Bc4 Bd7 25. b5 Rec8 26. Rb4 Ne8 27. Re1 Nf6
28. Bg5 Ng4 29. Be2 Re8 30. h3 Ne5 31. Rc1 Rec8 32. Rxc8 Bxc8 33. Be3 Nd7 34.
Ne4 b6 35. Bg4 Nc5 36. Bxc8 Rxc8 37. Nd2 Be7 38. Nc4 Bd8 39. Nxd6 Ra8 40. Bxc5
bxc5 41. Rb1 Kf8 42. b6 Ke7 43. b7 Rb8 44. Nc8+ Kd7 45. Na7 Bc7 46. Nc6 Re8 47.
b8=Q Bxb8 48. Rxb8 Rxb8 49. Nxb8+ Kd6 50. Kf1 Kxd5 51. Ke2 Kd6 52. Kd3 Kc7 53.
Na6+ Kb6 54. Kc4 Kxa6 55. Kxc5 1-0

[Event "Isle of Man Open"]
[Site "Douglas"]
[Date "22.10.2018"]
[Round "3.27"]
[White "Paterek, Michal"]
[Black "Parligras, Mircea-Emilian"]
[Result "0-1"]
[WhiteTitle "FM"]
[BlackTitle "GM"]
[WhiteElo "2311"]
[BlackElo "2623"]
[WhiteFideId "1116142"]
[BlackFideId "1204297"]
[EventDate "2018.10.20"]

1. d4 Nf6 2. c4 e6 3. Nc3 Bb4 4. e3 O-O 5. Ne2 c6 6. a3 Ba5 7. c5 d5 8. cxd6
Qxd6 9. b4 Bc7 10. Bb2 e5 11. dxe5 Qxe5 12. Ng3 Rd8 13. Qc2 Qg5 14. Bd3 Bg4 15.
f4 Qh4 16. O-O Bb6 17. Rae1 Re8 18. Nce4 Nbd7 19. Nxf6+ Nxf6 20. Bxf6 Qxf6 21.
Bxh7+ Kf8 22. Be4 Re7 23. h3 Bd7 24. Kh2 Rae8 25. Rf2 Qh4 26. Qd3 Rxe4 27. Qxd7
Rxe3 28. Rxe3 Rxe3 29. Rf3 Rxf3 30. gxf3 Qxf4 31. Kg2 Qd4 32. Qc8+ Qd8 33. Qxd8+
Bxd8 34. Nf5 Bc7 35. Kf1 g6 36. Nd4 Ke7 37. Ke2 Kd6 38. Kd3 Ke5 39. Ne2 b5 40.
Nd4 Kd5 41. Ne2 Be5 42. f4 Bb2 43. Kc2 Bg7 44. Kd3 Bf6 45. Ng3 Bb2 46. f5 g5 47.
Ne4 f6 0-1

[Event "Isle of Man Open"]
[Site "Douglas"]
[Date "22.10.2018"]
[Round "3.34"]
[White "Sutovsky, Emil"]
[Black "Houska, Jovanka"]
[Result "1-0"]
[WhiteTitle "GM"]
[BlackTitle "IM"]
[WhiteElo "2633"]
[BlackElo "2402"]
[WhiteFideId "2802007"]
[BlackFideId "405094"]
[EventDate "2018.10.20"]

1. e4 c6 2. d4 d5 3. e5 Bf5 4. h4 h5 5. c4 e6 6. Nc3 Ne7 7. Nge2 Nd7 8. Ng3 Bg6
9. Bg5 f6 10. exf6 gxf6 11. Be3 Qb6 12. Rc1 Qxb2 13. cxd5 Nxd5 14. Nxd5 exd5 15.
Bd3 Qb4+ 16. Ke2 Bxd3+ 17. Qxd3 O-O-O 18. Rc3 Nb6 19. Rb1 Qa4 20. Bf4 Bd6 21.
Bxd6 Rxd6 22. Rxb6 Re8+ 23. Kf3 axb6 24. Ra3 Qc4 25. Ra8+ Kd7 26. Qh7+ Re7 27.
Qxh5 Qxd4 28. Qh8 Qc3+ 29. Kf4 Qe5+ 30. Kf3 Qc3+ 31. Kf4 Qb4+ 32. Kf3 Ke6 33.
Rf8 Qc3+ 34. Kg4 b5 35. h5 Rdd7 36. Re8 f5+ 37. Nxf5 Qxh8 38. Rxh8 Rh7 39. Re8+
Kf7 40. Re1 Kf6 41. Rh1 d4 42. Kf4 Rd5 43. g4 Rxf5+ 44. gxf5 c5 45. Ke4 Re7+ 46.
Kd5 b6 47. h6 Rh7 48. Kc6 Kg5 49. f6 Rxh6 50. f4+ Kg6 51. f5+ Kg5 52. Rxh6 Kxh6
53. Kd7 1-0

[Event "Isle of Man Open"]
[Site "Douglas"]
[Date "22.10.2018"]
[Round "3.35"]
[White "Ganguly, Surya Shekhar"]
[Black "Seul, Georg"]
[Result "0-1"]
[WhiteTitle "GM"]
[BlackTitle "IM"]
[WhiteElo "2622"]
[BlackElo "2402"]
[WhiteFideId "5002150"]
[BlackFideId "4601653"]
[EventDate "2018.10.20"]

1. e4 e5 2. Nf3 Nc6 3. Bb5 a6 4. Ba4 Nf6 5. O-O Be7 6. d3 b5 7. Bb3 d6 8. Re1
Na5 9. Nc3 Nxb3 10. axb3 Bb7 11. d4 b4 12. Nd5 Nxd5 13. exd5 e4 14. Nd2 O-O 15.
Nxe4 Bxd5 16. Qh5 Bxe4 17. Rxe4 d5 18. Re2 Qd7 19. Bf4 Rfe8 20. Rae1 Bf8 21. h3
Rxe2 22. Rxe2 c6 23. Qe5 f6 24. Qe3 a5 25. g4 a4 26. bxa4 Rxa4 27. Kg2 Ra8 28.
Re1 Kf7 29. Qd3 g6 30. Qf3 Ra2 31. Bg5 Be7 32. Qb3 Ra8 33. Bd2 Qd6 34. Qe3 Bf8
35. Qf3 Be7 36. Re3 Ra4 37. Qd1 Ra2 38. Rb3 Ra4 39. h4 Qd7 40. Rh3 Qe6 41. h5
Qe4+ 42. f3 Qxd4 43. hxg6+ hxg6 44. Rh7+ Ke8 45. c3 bxc3 46. bxc3 Qa7 47. Qb1 f5
48. Rh8+ Kd7 49. Rb8 Ra1 50. Rb7+ Ke6 51. gxf5+ gxf5 52. Rxa7 Rxb1 53. Ra2 Bc5
54. Bf4 Rg1+ 55. Kh3 Bd6 56. Re2+ Kd7 57. Bxd6 Kxd6 0-1

[Event "Isle of Man Open"]
[Site "Douglas"]
[Date "22.10.2018"]
[Round "3.36"]
[White "Tania, Sachdev"]
[Black "Deac, Bogdan-Daniel"]
[Result "1/2-1/2"]
[WhiteTitle "IM"]
[BlackTitle "GM"]
[WhiteElo "2400"]
[BlackElo "2594"]
[WhiteFideId "5007844"]
[BlackFideId "1226380"]
[EventDate "2018.10.20"]

1. d4 Nf6 2. c4 g6 3. Nc3 d5 4. Bg5 Ne4 5. Bh4 c5 6. cxd5 Nxc3 7. bxc3 Qxd5 8.
e3 Nc6 9. Qf3 Qf5 10. Bb5 Bd7 11. Qxf5 gxf5 12. dxc5 e6 13. Ne2 Bxc5 14. Nd4 Rc8
15. Rb1 Bb6 16. Nxc6 Bxc6 17. Bxc6+ Rxc6 18. Ke2 Kd7 19. Rhd1+ Kc8 20. Rd3 Rf8
21. Rbd1 e5 22. Rd5 f6 23. Rd7 Rc7 24. R7d6 Rcf7 25. R1d5 Bd8 26. f4 Bc7 27. Re6
exf4 28. exf4 Bxf4 29. Bg3 Bxg3 30. hxg3 Rc7 31. Re3 Rc6 32. a4 Rd8 33. Rxf5
Rcd6 34. Rc5+ Kb8 35. Re7 a6 36. Rcc7 Rd2+ 37. Ke3 Rb2 38. Rxh7 Rd5 39. Rc4 a5
40. Rcc7 Rd1 41. Rc5 Re1+ 42. Kd4 Re8 43. Rxa5 Rd2+ 44. Kc4 Rc8+ 45. Rc5 Rxc5+
46. Kxc5 Rxg2 47. Rf7 Rxg3 48. Kb6 Rxc3 49. Rf8+ Rc8 50. Rxf6 Ka8 1/2-1/2

[Event "Isle of Man Open"]
[Site "Douglas"]
[Date "22.10.2018"]
[Round "3.37"]
[White "Nihal, Sarin"]
[Black "Rahul, Srivatshav P"]
[Result "1-0"]
[WhiteTitle "IM"]
[BlackTitle "IM"]
[WhiteElo "2572"]
[BlackElo "2395"]
[WhiteFideId "25092340"]
[BlackFideId "25059653"]
[EventDate "2018.10.20"]

1. d4 Nf6 2. c4 g6 3. g3 Bg7 4. Bg2 O-O 5. Nc3 d6 6. Nf3 Nc6 7. O-O a6 8. d5 Na5
9. b3 Rb8 10. Bd2 c5 11. dxc6 Nxc6 12. Rc1 Bf5 13. Ne1 Qd7 14. Nd3 Bh3 15. Bxh3
Qxh3 16. Nf4 Qf5 17. Be3 Qd7 18. Nfd5 Nxd5 19. Nxd5 Ne5 20. Qd2 Ng4 21. Bd4 f5
22. Bxg7 Kxg7 23. Rfd1 Nf6 24. c5 Nxd5 25. Qxd5 Rf6 26. cxd6 Rxd6 27. Qe5+ Kf7
28. Rxd6 exd6 29. Qd5+ Ke7 30. Qd4 Ke6 31. Qh4 h5 32. e4 fxe4 33. Qxe4+ Kf7 34.
Qd5+ Kg7 35. Qd4+ Kh7 36. Qb6 Rc8 37. Rxc8 Qxc8 38. Qxd6 Qc2 39. Qd7+ Kh6 40.
Qxb7 Qxa2 41. Kg2 a5 42. Qf3 Qc2 43. h3 Kg7 44. Qd5 Kh6 45. Kg1 Kg7 46. Kg2 Kh6
47. Qd4 Kh7 48. Qa7+ Kg8 49. Qe3 Kh7 50. g4 hxg4 51. hxg4 Qc7 52. Kh3 Qb7 53.
Kg3 Qc7+ 54. f4 Qd7 55. Qb6 Qe7 56. Qf2 Qb7 57. Qe3 Qd7 58. Qe5 Qb7 59. Qe6 Qc7
60. Qd5 Qc3+ 61. Kf2 Qc2+ 62. Kf3 Qc3+ 63. Kg2 Qc2+ 64. Kg3 Qc3+ 65. Qf3 Qe1+
66. Kh3 Qe7 67. Qc3 Qb7 68. Kg3 Qa7 69. Qe1 Qb7 70. Kh4 Qc7 71. Qe4 Qd8+ 72. Kg3
Qc7 73. g5 Qc3+ 74. Qf3 Qe1+ 75. Kg4 Qg1+ 76. Kh3 Qa7 77. Kg2 a4 78. Qh3+ Kg8
79. Qe6+ Kh7 80. bxa4 Qxa4 81. Qf7+ Kh8 82. Qf8+ Kh7 83. Qh6+ Kg8 84. Qxg6+ Kh8
85. Qf6+ Kg8 86. Qe6+ Kg7 87. Kg3 Qd1 88. Qe5+ Kf7 89. Qe3 Kg6 90. Qe6+ Kg7 91.
Qe7+ Kg8 92. Qe3 Qd7 93. Qe4 Kg7 94. f5 Qd6+ 95. Kg4 Qd1+ 96. Kf4 Qd2+ 97. Qe3
Qh2+ 98. Ke4 Qc2+ 99. Kf4 Qh2+ 100. Kf3 Qh1+ 101. Kg3 Qb7 102. Qd4+ Kg8 103. Kf4
Qc7+ 104. Kg4 Qe7 105. Qd5+ Kh7 106. Qe6 Qb7 107. Qg6+ Kh8 108. Qe8+ Kh7 109.
g6+ Kg7 110. Qe5+ Kg8 111. Kg5 Qg2+ 112. Kf6 Qa8 113. Qe6+ Kh8 114. g7+ Kh7 115.
g8=Q+ 1-0

[Event "Isle of Man Open"]
[Site "Douglas"]
[Date "22.10.2018"]
[Round "3.38"]
[White "Wallace, John Paul"]
[Black "Wagner, Dennis"]
[Result "0-1"]
[WhiteTitle "IM"]
[BlackTitle "GM"]
[WhiteElo "2377"]
[BlackElo "2572"]
[WhiteFideId "3200957"]
[BlackFideId "24650684"]
[EventDate "2018.10.20"]

1. g3 g6 2. Bg2 Bg7 3. e4 c5 4. Nc3 Nc6 5. d3 d6 6. f4 e6 7. Nf3 Nge7 8. Be3 Nd4
9. O-O O-O 10. Qd2 Rb8 11. Rab1 b6 12. Ne2 Nxf3+ 13. Bxf3 Bb7 14. d4 cxd4 15.
Nxd4 e5 16. fxe5 dxe5 17. Nb5 Qxd2 18. Bxd2 Nc6 19. c3 Rfd8 20. Rbd1 Na5 21. b4
Nc4 22. Bg5 f6 23. Bc1 a6 24. Nc7 b5 25. a4 Rxd1 26. Rxd1 Rc8 27. Ne6 Bc6 28.
Bg4 Bxe4 29. Rd7 Bf8 30. Nxf8 Kxf8 31. Rxh7 Rd8 32. Bh6+ Ke8 33. Be6 Rd1+ 34.
Kf2 Ra1 35. g4 Rxa4 0-1

[Event "Isle of Man Open"]
[Site "Douglas"]
[Date "22.10.2018"]
[Round "3.39"]
[White "Lubbe, Melanie"]
[Black "Kosteniuk, Alexandra"]
[Result "1/2-1/2"]
[WhiteTitle "WGM"]
[BlackTitle "GM"]
[WhiteElo "2359"]
[BlackElo "2551"]
[WhiteFideId "4690745"]
[BlackFideId "4128125"]
[EventDate "2018.10.20"]

1. e4 e5 2. Bc4 Nf6 3. d3 c6 4. Nf3 d5 5. Bb3 Bb4+ 6. Bd2 Bxd2+ 7. Qxd2 O-O 8.
Nxe5 Qe7 9. f4 dxe4 10. d4 c5 11. dxc5 Qxc5 12. Qc3 Na6 13. Qxc5 Nxc5 14. Nc3 b6
15. O-O Bb7 16. Rfd1 a6 17. Rd4 Rac8 18. Rad1 b5 19. g3 Rc7 20. Kf2 Re8 21. Ke3
Kf8 22. Bd5 Nxd5+ 23. Nxd5 Bxd5 24. Rxd5 Na4 25. Rd7 Rxd7 26. Rxd7 f6 27. b3
fxe5 28. bxa4 exf4+ 29. gxf4 Rc8 30. axb5 axb5 31. Rb7 Rxc2 32. Rxb5 Rxh2 33. a4
Ra2 34. a5 Ra4 35. Rb8+ Kf7 36. Rb7+ Kf6 37. Rb6+ Kf5 38. Rb5+ Ke6 39. Rb6+ Kd5
40. Rb5+ Kc6 41. Rb6+ Kc5 42. Rb7 1/2-1/2

[Event "Isle of Man Open"]
[Site "Douglas"]
[Date "22.10.2018"]
[Round "3.40"]
[White "Debashis, Das"]
[Black "Trent, Lawrence"]
[Result "1-0"]
[WhiteTitle "GM"]
[BlackTitle "IM"]
[WhiteElo "2548"]
[BlackElo "2391"]
[WhiteFideId "5024854"]
[BlackFideId "408638"]
[EventDate "2018.10.20"]

1. d4 Nf6 2. c4 c5 3. d5 e6 4. Nc3 exd5 5. cxd5 d6 6. Nf3 g6 7. Nd2 Bg7 8. e4
O-O 9. Be2 Na6 10. O-O Re8 11. Kh1 Nc7 12. f3 Nh5 13. f4 Nf6 14. a4 b6 15. Bf3
Ba6 16. Re1 Qd7 17. Nf1 Rad8 18. Ne3 Re7 19. Qc2 Qe8 20. Bd2 Qf8 21. b3 Bc8 22.
Rad1 Ree8 23. h3 h5 24. Nc4 Ng4 25. hxg4 hxg4 26. Be2 Bd4 27. Be3 Qh6+ 28. Kg1
Bf6 29. Bf2 Qxf4 30. g3 Qh6 31. Bf1 Kg7 32. Bg2 Ba6 33. e5 Bxe5 34. Nxe5 Rxe5
35. Rxe5 dxe5 36. Qe4 Qh5 37. b4 cxb4 38. Qxb4 Rh8 39. Nb5 Qh2+ 40. Kf1 Ne8 41.
d6 1-0

[Event "Isle of Man Open"]
[Site "Douglas"]
[Date "22.10.2018"]
[Round "3.41"]
[White "Arakhamia-Grant, Ketevan"]
[Black "Puranik, Abhimanyu"]
[Result "1/2-1/2"]
[WhiteTitle "GM"]
[BlackTitle "GM"]
[WhiteElo "2345"]
[BlackElo "2547"]
[WhiteFideId "13600168"]
[BlackFideId "5061245"]
[EventDate "2018.10.20"]

1. e4 e5 2. Nf3 Nc6 3. Bb5 a6 4. Ba4 g6 5. O-O Bg7 6. c3 d6 7. d4 Bd7 8. d5 Nce7
9. Bxd7+ Qxd7 10. c4 h6 11. Nc3 f5 12. Ne1 fxe4 13. Nxe4 Nf6 14. Nxf6+ Bxf6 15.
Nf3 b5 16. b3 bxc4 17. bxc4 e4 18. Nd4 c5 19. dxc6 Nxc6 20. Be3 O-O 21. Rb1 Nxd4
22. Bxd4 Rac8 23. Be3 Be5 24. Qd5+ Qf7 25. Rb4 Rfe8 26. Bxh6 Rc5 27. Qxf7+ Kxf7
28. Be3 Ra5 29. a4 Bc3 30. Rb3 Bf6 31. Rb4 Bc3 32. Rb3 Bf6 33. Rb4 Bc3 1/2-1/2

[Event "Isle of Man Open"]
[Site "Douglas"]
[Date "22.10.2018"]
[Round "3.42"]
[White "Christiansen, Johan-Sebastian"]
[Black "Guramishvili, Sopiko"]
[Result "0-1"]
[WhiteTitle "IM"]
[BlackTitle "IM"]
[WhiteElo "2541"]
[BlackElo "2378"]
[WhiteFideId "1512668"]
[BlackFideId "13602888"]
[EventDate "2018.10.20"]

1. d4 d5 2. c4 e6 3. Nc3 Nf6 4. Nf3 Be7 5. g3 O-O 6. Bg2 dxc4 7. O-O Nbd7 8. e4
a6 9. Qe2 b5 10. Rd1 Bb7 11. a3 Qc8 12. h4 h6 13. Bh3 c5 14. d5 exd5 15. e5 Qd8
16. exf6 Nxf6 17. Bg2 Qb6 18. a4 Rae8 19. axb5 axb5 20. Qf1 Bd6 21. Ne2 d4 22.
Nf4 Be4 23. Ne1 Bxf4 24. Bxf4 Nd5 25. Bd2 Re7 26. Bxe4 Rxe4 27. Ng2 Nb4 28. Nf4
Nc6 29. Qg2 Re5 30. Re1 Rxe1+ 31. Rxe1 b4 32. Bc1 Qb5 33. Qf3 d3 34. Qg4 Nd4 35.
Nh5 g6 36. Bxh6 Qc6 37. Re3 d2 38. Qd1 Ra8 39. Nf4 Nc2 40. Kh2 Ra1 41. Re8+ Kh7
42. Ne6 Rxd1 0-1

[Event "Isle of Man Open"]
[Site "Douglas"]
[Date "22.10.2018"]
[Round "3.43"]
[White "Sahl, Bjarke"]
[Black "Dragnev, Valentin"]
[Result "0-1"]
[WhiteTitle "IM"]
[BlackTitle "GM"]
[WhiteElo "2322"]
[BlackElo "2508"]
[WhiteFideId "1400231"]
[BlackFideId "1634852"]
[EventDate "2018.10.20"]

1. Nf3 Nf6 2. c4 c5 3. Nc3 Nc6 4. e4 e6 5. d4 cxd4 6. Nxd4 Bb4 7. Nxc6 dxc6 8.
Qxd8+ Kxd8 9. Bd2 e5 10. O-O-O Ke7 11. f3 Be6 12. a3 Bd6 13. Be3 h6 14. c5 Bc7
15. Kc2 b5 16. cxb6 Bxb6 17. Bc1 Rab8 18. b3 Nd7 19. Bc4 Bxc4 20. bxc4 Bd4 21.
Na4 Nb6 22. Nxb6 Rxb6 23. f4 Rhb8 24. fxe5 c5 25. Rd3 Ke6 26. Re1 Rb1 27. Kd2 a5 0-1

[Event "Isle of Man Open"]
[Site "Douglas"]
[Date "22.10.2018"]
[Round "3.44"]
[White "Schneider, Ilja"]
[Black "Karavade, Eesha"]
[Result "0-1"]
[WhiteTitle "IM"]
[BlackTitle "IM"]
[WhiteElo "2507"]
[BlackElo "2374"]
[WhiteFideId "4663306"]
[BlackFideId "5012600"]
[EventDate "2018.10.20"]

1. e4 e5 2. Nf3 Nc6 3. Nc3 Nf6 4. a3 g6 5. Nxe5 Nxe5 6. d4 Nc6 7. d5 Bg7 8. dxc6
bxc6 9. g3 O-O 10. Bg2 Ba6 11. Be3 Rb8 12. Rb1 Re8 13. Bxa7 Rb7 14. Be3 Qb8 15.
b3 d5 16. Ne2 Nxe4 17. O-O Bxe2 18. Qxe2 Nc3 19. Qa6 Nxb1 20. Rxb1 Qa8 21. Qxc6
Rxb3 22. Qxe8+ Qxe8 23. Rxb3 d4 24. Bc6 Qd8 25. Bd2 Bf8 26. a4 Qf6 27. Bd5 Qf5
28. Rb8 Kg7 29. Bb3 Bc5 30. Rb5 d3 31. Rxc5 Qxc5 32. cxd3 Qa3 33. Bc4 Qxa4 34.
Bf4 Qa5 35. g4 f6 36. Kg2 c6 37. h3 h5 38. Be3 Qe5 39. Kg1 Qa1+ 40. Kh2 Qe5+ 41.
Kg2 Kh7 42. Bf7 h4 43. Bc4 f5 44. gxf5 gxf5 45. Bg5 Qg7 46. f4 Qb2+ 47. Kf3 Qh2
48. Bxh4 Qxh3+ 49. Bg3 Qh1+ 50. Ke3 Kg6 51. Bf2 Qc1+ 52. Kf3 Qd1+ 53. Kg2 Kh5
54. d4 Kg4 0-1

[Event "Isle of Man Open"]
[Site "Douglas"]
[Date "22.10.2018"]
[Round "3.45"]
[White "Anurag, Mhamal"]
[Black "Serarols Mabras, Bernat"]
[Result "0-1"]
[WhiteTitle "GM"]
[BlackTitle "FM"]
[WhiteElo "2495"]
[BlackElo "2367"]
[WhiteFideId "5024366"]
[BlackFideId "2238276"]
[EventDate "2018.10.20"]

1. e4 c6 2. Nc3 d5 3. Nf3 Bg4 4. h3 Bh5 5. exd5 cxd5 6. Bb5+ Nc6 7. g4 Bg6 8.
Ne5 Rc8 9. d4 e6 10. Qe2 Bb4 11. Bxc6+ bxc6 12. h4 Ne7 13. h5 Be4 14. f3 f6 15.
fxe4 fxe5 16. dxe5 Bxc3+ 17. bxc3 Qa5 18. O-O Qxc3 19. Qf2 Qh3 20. Qf4 Kd7 21.
Rf3 Qh4 22. Rb1 Rb8 23. Rxb8 Rxb8 24. exd5 Nxd5 25. Qf7+ Ne7 26. Rd3+ Kc7 27. g5
Qe1+ 28. Kh2 Qh4+ 29. Rh3 Qb4 30. a3 Qc5 31. Bd2 Rb1 32. Rg3 Kb8 33. Bb4 Qd5 34.
Qe8+ Kb7 35. Qxe7+ Ka6 36. Rg2 Qxe5+ 37. Rg3 Qe4 0-1

[Event "Isle of Man Open"]
[Site "Douglas"]
[Date "22.10.2018"]
[Round "3.46"]
[White "Khmelniker, Ilya"]
[Black "Ravi, Teja S."]
[Result "0-1"]
[WhiteTitle "GM"]
[BlackTitle "IM"]
[WhiteElo "2492"]
[BlackElo "2357"]
[WhiteFideId "2805340"]
[BlackFideId "5017220"]
[EventDate "2018.10.20"]

1. c4 c5 2. Nc3 Nc6 3. Nf3 g6 4. g3 Bg7 5. Bg2 e6 6. d4 cxd4 7. Nb5 d5 8. cxd5
exd5 9. O-O Nge7 10. Nfxd4 O-O 11. Be3 Nf5 12. Nxf5 Bxf5 13. Nd4 Bg4 14. Re1 Qf6
15. h3 Bd7 16. Nb5 Bf5 17. Bc5 Qxb2 18. Bxf8 Qxa1 19. Qxa1 Bxa1 20. Rxa1 Kxf8
21. Nd6 Be6 22. Nxb7 Rb8 23. Nc5 Rb2 24. e3 Rc2 25. Nb3 Ke7 26. Rc1 Rxc1+ 27.
Nxc1 Kd6 28. Kf1 d4 29. exd4 Nxd4 30. Ke1 Kc5 31. Kd2 Kb4 32. Kd3 Nb5 33. h4
Bc4+ 34. Kd2 Ka3 35. Be4 Nd6 36. Bc6 Be6 37. Kc3 a6 38. Kd4 Nb5+ 39. Kd3 Kb4 40.
Ke3 Kc5 41. Be8 Nc3 42. Nd3+ Kd6 43. Kd4 Nxa2 44. Ba4 f6 45. Be8 a5 46. Nc5 Bd5
47. Nd7 Be6 48. Nc5 Nc1 49. Nb7+ Ke7 50. Bc6 Nb3+ 51. Kc3 h6 52. Kb2 g5 53. hxg5
fxg5 54. Ka3 h5 55. Bg2 Nc1 56. Kb2 Nb3 57. Ka3 Kf6 58. Ka4 Ke5 59. Nxa5 Nxa5
60. Kxa5 Bd5 61. f4+ Kd4 62. Bf1 Bc4 63. Bg2 gxf4 64. gxf4 Bd3 65. Bh3 Ke4 66.
f5 Ke5 67. f6 Kxf6 68. Kb4 Bf5 69. Bg2 Ke5 70. Kc3 Kf4 71. Kd4 h4 72. Bf1 Bd7
73. Bg2 Kg3 74. Be4 h3 75. Ke3 h2 76. Ke2 Bh3 0-1

[Event "Isle of Man Open"]
[Site "Douglas"]
[Date "22.10.2018"]
[Round "3.47"]
[White "Zumsande, Martin"]
[Black "Bellon Lopez, Juan Manuel"]
[Result "1-0"]
[WhiteTitle "IM"]
[BlackTitle "GM"]
[WhiteElo "2492"]
[BlackElo "2342"]
[WhiteFideId "4651324"]
[BlackFideId "2200031"]
[EventDate "2018.10.20"]

1. e4 c5 2. c3 g6 3. d4 cxd4 4. cxd4 d5 5. e5 Bg7 6. Nc3 a6 7. h3 Nc6 8. Be2 f6
9. f4 Nh6 10. g4 fxe5 11. fxe5 Nf7 12. Nf3 b5 13. O-O Be6 14. Be3 Qd7 15. Rc1
O-O 16. Qd2 Rac8 17. Nd1 Nb8 18. Nf2 Rxc1 19. Rxc1 Rc8 20. Nd3 Rxc1+ 21. Qxc1
Qc6 22. Qd2 Bc8 23. Bd1 e6 24. h4 Nd7 25. Bc2 a5 26. Bb1 b4 27. h5 gxh5 28. gxh5
Kh8 29. Nc5 h6 30. Nxd7 Qxd7 31. Qc2 Kg8 32. Qh7+ Kf8 33. Nh4 Ng5 34. Bxg5 hxg5
35. Ng6+ 1-0

[Event "Isle of Man Open"]
[Site "Douglas"]
[Date "22.10.2018"]
[Round "3.48"]
[White "Henderson de La Fuente, Lance"]
[Black "Gavilan Diaz, Mario"]
[Result "0-1"]
[WhiteTitle "IM"]
[BlackTitle "FM"]
[WhiteElo "2484"]
[BlackElo "2334"]
[WhiteFideId "32096585"]
[BlackFideId "2260905"]
[EventDate "2018.10.20"]

1. e4 g6 2. d4 Bg7 3. Nf3 c6 4. c3 d5 5. Nbd2 Nh6 6. Bd3 O-O 7. O-O f6 8. Re1
Nf7 9. b3 e5 10. dxe5 fxe5 11. Ba3 Re8 12. c4 d4 13. c5 Nd7 14. b4 Nf8 15. b5
Ne6 16. Qb3 Kh8 17. g3 Rf8 18. h4 g5 19. Nc4 Qf6 20. Be2 gxh4 21. Nxh4 Nfg5 22.
f3 Nf4 23. Bf1 Nh5 24. f4 exf4 25. Nd6 Nxg3 26. Nf3 Nxf3+ 27. Qxf3 Qg5 28. Bc4
d3 29. e5 Ne2+ 30. Kh2 Qh4+ 31. Kg2 Bg4 0-1

[Event "Isle of Man Open"]
[Site "Douglas"]
[Date "22.10.2018"]
[Round "3.49"]
[White "Gormally, Daniel W"]
[Black "Strunski, Andreas"]
[Result "1-0"]
[WhiteTitle "GM"]
[BlackTitle "IM"]
[WhiteElo "2482"]
[BlackElo "2306"]
[WhiteFideId "406465"]
[BlackFideId "24606073"]
[EventDate "2018.10.20"]

1. e4 c5 2. Nf3 e6 3. Nc3 Nc6 4. d4 cxd4 5. Nxd4 Qc7 6. Be2 a6 7. f4 b5 8. Be3
Bb7 9. a3 Nf6 10. Nxc6 Bxc6 11. Bf3 b4 12. axb4 Bxb4 13. Qd4 Bxc3+ 14. bxc3 O-O
15. O-O Rfe8 16. c4 e5 17. fxe5 Qxe5 18. Qxe5 Rxe5 19. Bd4 Re6 20. e5 Bxf3 21.
exf6 Be2 22. Rf4 gxf6 23. Ra3 f5 24. c5 Rb8 25. h3 Bd1 26. Rf2 Rb1 27. Kh2 f4
28. Rd3 Re2 29. Rf1 f3 30. Rdxf3 Re4 31. Bf6 Re6 32. Bd4 Re4 33. c3 Bc2 34. Rg3+
Kf8 35. c6 dxc6 36. Bc5+ Ke8 37. Rg8+ Kd7 38. Rxf7+ Ke6 39. Rf2 Bd3 40. Bd4 Rf1
41. Rd2 Bc4 42. Bc5 Kf5 43. Rc8 Re6 44. Rd4 Be2 45. Bd6 h5 46. Rxc6 Kg6 47. Rc8
Rd1 48. Bg3 Rxd4 49. cxd4 Bb5 50. d5 Re2 51. d6 Rd2 52. Bf4 Rd3 53. Rc5 Rd4 54.
Kg3 Be2 55. Be5 Rd2 56. Kh4 Rd1 57. Bf4 Rd4 58. g3 Rd1 59. Re5 Bf3 60. Re6+ Kf5
61. Re3 Bg2 62. Re5+ Kg6 63. Rg5+ Kf7 64. Rxh5 Rh1 65. Kg4 Bf1 66. Rh7+ 1-0

[Event "Isle of Man Open"]
[Site "Douglas"]
[Date "22.10.2018"]
[Round "3.50"]
[White "Vaishali, R"]
[Black "Darini, Pouria"]
[Result "0-1"]
[WhiteTitle "WIM"]
[BlackTitle "GM"]
[WhiteElo "2313"]
[BlackElo "2475"]
[WhiteFideId "5091756"]
[BlackFideId "12502200"]
[EventDate "2018.10.20"]

1. e4 c5 2. Nf3 d6 3. d4 cxd4 4. Nxd4 Nf6 5. Nc3 a6 6. a3 e5 7. Nf5 d5 8. Bg5 d4
9. Bxf6 Qxf6 10. Nd5 Qd8 11. Qg4 g6 12. Qg3 Nc6 13. Nxd4 exd4 14. Nc7+ Ke7 15.
Nxa8 b5 16. Qb3 Ke8 17. Qd5 Bd7 18. O-O-O Qxa8 19. e5 Be6 20. Qe4 Qc8 21. Bd3 b4
22. axb4 Bxb4 23. f4 Kf8 24. Rhf1 Qc7 25. f5 gxf5 0-1